| 000 | 01282nam a22002657a 4500 | ||
|---|---|---|---|
| 005 | 20170124102932.0 | ||
| 010 | _aB-136421 | ||
| 020 |
_c400.00 _a8179650790 |
||
| 035 | _aB-136421 | ||
| 037 | _bCen Lib/Ret | ||
| 040 |
_aDPL _bHN |
||
| 082 |
_a420 _bमिश्र्रा |
||
| 100 |
_aमिश्र, राजेन्द्र _945333 |
||
| 245 |
_aप्रयोजनमूलक हिन्दी के विविध रूप / _cराजेन्द्र मिश्र [और] राकेश शर्मा |
||
| 246 |
_aPrayojanmoolak hindi ke vividh roop / _bby Rajendra Mishra [and] Rakesh Sharma |
||
| 260 |
_bतक्षशिला प्रकाशन _aनई दिल्ली _c2005 |
||
| 270 |
_a98-ए, हिंदी पार्क, दरियागंज _bनई दिल्ली _e110002 |
||
| 300 |
_avi,335पृ. _c20सेमी (सजिल्द) |
||
| 650 |
_aकामकाजी हिन्दी -- विविध रूप _945334 |
||
| 650 |
_aमीडिया -- लेखन _91413 |
||
| 650 |
_aWorking Hindi - as diverse _945335 |
||
| 650 |
_aMedia - Writing _944929 |
||
| 700 |
_aशर्मा, राकेश _945336 |
||
| 942 |
_2ddc _cHN _h420 _mमिश्र्रा |
||
| 999 |
_c111981 _d111981 |
||